[Event "IECC CL3-2022.01 email"]
[Site "IECC email"]
[Date "2022.06.11"]
[Round "?"]
[White "Kohler, Hans Christian"]
[Black "Kinna, Michael"]
[Result "1/2-1/2"]
[WhiteElo "1795"]
[BlackElo "1911"]
[PlyCount "69"]
[EventDate "2022.??.??"]
[EventType "tourn (corr)"]
[EventRounds "4"]
[SourceTitle "Corr 2024"]
[Source "ChessBase"]
[SourceDate "2023.10.19"]
[SourceVersion "1"]
[SourceVersionDate "2023.10.19"]
[SourceQuality "1"]
[WhiteTeam "Deutschland"]
[BlackTeam "Australien"]
[WhiteTeamCountry "GER"]
[BlackTeamCountry "AUS"]

1. e4 c5 2. Nc3 Nc6 3. f4 g6 4. Nf3 Bg7 5. Bb5 Nd4 6. 0-0 a6 7. Be2 d6 8. a4 Nf6 9. d3 0-0 10. Bd2 Nxe2+ 11. Qxe2 b6 12. Qf2 Bb7 13. Qh4 e6 14. f5 exf5 15. Bg5 Re8 16. exf5 gxf5 17. Qh3 d5 18. d4 Bc8 19. Rae1 Rxe1 20. Rxe1 Be6 21. Qh4 h6 22. Bxh6 Ne4 23. Qxd8+ Rxd8 24. Bxg7 Kxg7 25. Ne2 c4 26. Nf4 a5 27. Ra1 Rb8 28. Ra3 b5 29. axb5 Rxb5 30. b3 cxb3 31. cxb3 a4 32. Rxa4 Rxb3 33. h3 Ng3 34. Kh2 Nf1+ 35. Kg1 1/2-1/2

[Event "IECC TH-M-3726"]
[Site "IECC email"]
[Date "2022.02.16"]
[Round "?"]
[White "Kinna, Michael"]
[Black "Vasquez, Fernando"]
[Result "1/2-1/2"]
[WhiteElo "1913"]
[BlackElo "2042"]
[PlyCount "115"]
[EventDate "2022.??.??"]
[EventType "tourn (corr)"]
[SourceTitle "Corr 2024"]
[Source "ChessBase"]
[SourceDate "2023.10.19"]
[SourceVersion "1"]
[SourceVersionDate "2023.10.19"]
[SourceQuality "1"]
[WhiteTeam "Australien"]
[BlackTeam "Portugal"]
[WhiteTeamCountry "AUS"]
[BlackTeamCountry "POR"]

1. e4 e5 2. Nf3 Nc6 3. Bc4 Bc5 4. d4 Bxd4 5. Nxd4 Nxd4 6. Be3 Nc6 7. Nc3 Nf6 8. Qd2 d6 9. f3 Be6 10. Be2 a6 11. 0-0-0 Qd7 12. Kb1 h6 13. Rhf1 b5 14. b3 Qc8 15. g4 Qb7 16. h4 Ne7 17. g5 hxg5 18. hxg5 Nh5 19. Rh1 0-0-0 20. Bd3 Kb8 21. Be2 Ng3 22. Rxh8 Rxh8 23. Bd3 Rh3 24. Qf2 Ng6 25. a4 b4 26. Na2 a5 27. Nc1 Nf4 28. Bb5 Ngh5 29. Bc5 d5 30. Bf1 Rg3 31. Nd3 Nxd3 32. Bxd3 d4 33. Rh1 Rxg5 34. Bb5 f6 35. Qh4 Qc8 36. Qf2 c6 37. Bf1 Kb7 38. Kb2 Qb8 39. Rg1 Rxg1 40. Qxg1 Qc7 41. Qh2 Nf4 42. Qh8 d3 43. Bxd3 Nxd3+ 44. cxd3 Qd7 45. Qf8 Qxd3 46. Qe7+ Qd7 47. Qxd7+ Bxd7 48. Bf8 g6 49. Bg7 Bh3 50. Bxf6 Bg2 51. Bxe5 Bxf3 52. Bf6 Bxe4 53. Bd8 Ka6 54. Be7 Bd5 55. Kc2 Be6 56. Kb2 Bf7 57. Kc2 Be6 58. Kb2 1/2-1/2

[Event "IECC TH-M-3726"]
[Site "IECC email"]
[Date "2022.02.16"]
[Round "?"]
[White "Vasquez, Fernando"]
[Black "Kinna, Michael"]
[Result "1/2-1/2"]
[WhiteElo "1992"]
[BlackElo "1906"]
[PlyCount "85"]
[EventDate "2022.??.??"]
[EventType "tourn (corr)"]
[SourceTitle "Corr 2024"]
[Source "ChessBase"]
[SourceDate "2023.10.19"]
[SourceVersion "1"]
[SourceVersionDate "2023.10.19"]
[SourceQuality "1"]
[WhiteTeam "Portugal"]
[BlackTeam "Australien"]
[WhiteTeamCountry "POR"]
[BlackTeamCountry "AUS"]

1. e4 e5 2. Nf3 Nc6 3. Bc4 Bc5 4. d4 Bxd4 5. Nxd4 Nxd4 6. Be3 Nc6 7. Qg4 Qf6 8. Qe2 d6 9. Nc3 Be6 10. 0-0 0-0-0 11. Rad1 h5 12. b4 Nge7 13. Nd5 Qg6 14. f3 Kb8 15. b5 Bxd5 16. Bxd5 Nxd5 17. bxc6 Nxe3 18. Qxe3 bxc6 19. Rd3 c5 20. Ra3 Kc8 21. Rd1 Qe6 22. Qc3 Qd7 23. Qc4 Qe6 24. Qb5 Qe8 25. Qd3 Qc6 26. Qc4 Rhf8 27. Rdd3 Kd7 28. Ra6 Qa8 29. Qxc5 Ke7 30. Qa5 Rd7 31. c4 Rb8 32. c5 Rb1+ 33. Kf2 Rc1 34. cxd6+ cxd6 35. Rdxd6 Rc2+ 36. Kg3 Rxd6 37. Rxa7+ Qxa7 38. Qxa7+ Kf6 39. Qb8 Rdd2 40. Qb6+ Ke7 41. Qa7+ Ke6 42. Qb6+ Ke7 43. Qa7+ 1/2-1/2

[Event "IECC TH-M-3588"]
[Site "IECC email"]
[Date "2021.01.04"]
[Round "?"]
[White "Kinna, Michael"]
[Black "Cruz, Eliecer"]
[Result "0-1"]
[WhiteElo "1949"]
[BlackElo "2136"]
[PlyCount "44"]
[EventDate "2021.??.??"]
[EventType "tourn (corr)"]
[SourceTitle "Corr 2024"]
[Source "ChessBase"]
[SourceDate "2023.10.19"]
[SourceVersion "1"]
[SourceVersionDate "2023.10.19"]
[SourceQuality "1"]
[WhiteTeam "Australien"]
[BlackTeam "Kuba"]
[WhiteTeamCountry "AUS"]
[BlackTeamCountry "CUB"]

1. f4 e5 2. fxe5 d6 3. exd6 Bxd6 4. Nf3 Nf6 5. d4 0-0 6. Bg5 Re8 7. Nc3 Nbd7 8. Qd3 h6 9. Bh4 b5 10. a3 Ba6 11. b4 Bb7 12. Qxb5 Rb8 13. Qa5 Re3 14. Nd1 Qe7 15. Nxe3 Qxe3 16. b5 Ne4 17. Kd1 Ndf6 18. Be1 Nd5 19. Bd2 Ndc3+ 20. Bxc3 Nxc3+ 21. Ke1 Bxf3 22. gxf3 Qxd4 0-1

[Event "IECC CL2-2019.02 email"]
[Site "IECC email"]
[Date "2019.12.06"]
[Round "?"]
[White "Laudati, Lelio"]
[Black "Kinna, Michael"]
[Result "1-0"]
[WhiteElo "2108"]
[BlackElo "1995"]
[PlyCount "39"]
[EventDate "2019.??.??"]
[EventType "tourn (corr)"]
[EventRounds "4"]
[SourceTitle "Corr 2024"]
[Source "ChessBase"]
[SourceDate "2023.10.19"]
[SourceVersion "1"]
[SourceVersionDate "2023.10.19"]
[SourceQuality "1"]
[WhiteTeam "Italien"]
[BlackTeam "Australien"]
[WhiteTeamCountry "ITA"]
[BlackTeamCountry "AUS"]

1. d4 c5 2. d5 Nf6 3. Nc3 d6 4. Nf3 e6 5. e4 Be7 6. Bc4 exd5 7. Nxd5 Nxd5 8. Bxd5 0-0 9. 0-0 Nd7 10. Bf4 Nb6 11. b3 Rb8 12. Re1 g5 13. Bg3 g4 14. Nd2 Bf6 15. Rb1 Bc3 16. Re3 Bd4 17. Nc4 Nxc4 18. bxc4 Bxe3 19. fxe3 Qg5 20. Bxd6 1-0

[Event "P-5141"]
[Site "IECC email"]
[Date "2019.11.25"]
[Round "?"]
[White "Garau, Bernard"]
[Black "Kinna, Michael"]
[Result "1-0"]
[WhiteElo "2211"]
[BlackElo "1980"]
[PlyCount "75"]
[EventDate "2019.??.??"]
[EventType "tourn (corr)"]
[SourceTitle "Corr 2024"]
[Source "ChessBase"]
[SourceDate "2023.10.19"]
[SourceVersion "1"]
[SourceVersionDate "2023.10.19"]
[SourceQuality "1"]
[WhiteTeam "Frankreich"]
[BlackTeam "Australien"]
[WhiteTeamCountry "FRA"]
[BlackTeamCountry "AUS"]

1. e4 c5 2. Nf3 d6 3. d4 Nf6 4. Nc3 cxd4 5. Nxd4 a6 6. Be3 e5 7. Nb3 Be6 8. f3 h5 9. Nd5 Bxd5 10. exd5 g6 11. Qd2 Nbd7 12. Be2 Bg7 13. 0-0 b6 14. Rad1 Qc7 15. c4 0-0 16. g4 Nc5 17. Nxc5 bxc5 18. Kg2 hxg4 19. fxg4 Rae8 20. g5 Nd7 21. b3 Re7 22. h4 e4 23. Qe1 Rfe8 24. h5 gxh5 25. Bxh5 Ne5 26. Rf6 Rf8 27. Qf2 Qd7 28. Qg3 Qd8 29. Rdf1 Qa5 30. a4 Qc3 31. g6 Qxb3 32. gxf7+ Rexf7 33. Bxf7+ Rxf7 34. Rxf7 Nxf7 35. Qg6 Qxe3 36. Qxf7+ Kh8 37. Rh1+ Bh6 38. Rh5 1-0

[Event "P-5115"]
[Site "IECC email"]
[Date "2018.11.01"]
[Round "?"]
[White "Kinna, Michael"]
[Black "Akram, Fauzi"]
[Result "0-1"]
[WhiteElo "1910"]
[BlackElo "2227"]
[PlyCount "50"]
[EventDate "2018.??.??"]
[EventType "tourn (corr)"]
[SourceTitle "Corr 2020"]
[Source "ChessBase"]
[SourceDate "2019.09.30"]
[SourceVersion "1"]
[SourceVersionDate "2019.09.30"]
[SourceQuality "1"]
[WhiteTeam "Australia"]
[BlackTeam "Jordan"]
[WhiteTeamCountry "AUS"]
[BlackTeamCountry "JOR"]

1. d4 d5 2. c4 e6 3. Nc3 Nf6 4. cxd5 exd5 5. Bg5 Be7 6. e3 c6 7. Bd3 0-0 8. Qc2 Nbd7 9. Nf3 h6 10. Bh4 Re8 11. 0-0 Nf8 12. h3 Ne4 13. Bxe7 Qxe7 14. Bxe4 dxe4 15. Nd2 f5 16. Nc4 Ng6 17. b3 Kh7 18. Ne2 Be6 19. Rac1 Rad8 20. Qc3 Qg5 21. Qa5 Rd7 22. Ng3 Bd5 23. Qxa7 f4 24. exf4 Nxf4 25. Rce1 h5 0-1

[Event "IECC KO-4041"]
[Site "IECC email"]
[Date "2017.12.02"]
[Round "?"]
[White "Martins, Karin"]
[Black "Kinna, Michael"]
[Result "0-1"]
[WhiteElo "1988"]
[BlackElo "1847"]
[PlyCount "32"]
[EventDate "2017.??.??"]
[EventType "match (corr)"]
[EventRounds "2"]
[SourceTitle "Corr 2020"]
[Source "ChessBase"]
[SourceDate "2019.09.30"]
[SourceVersion "1"]
[SourceVersionDate "2019.09.30"]
[SourceQuality "1"]
[WhiteTeam "Germany"]
[BlackTeam "Australia"]
[WhiteTeamCountry "GER"]
[BlackTeamCountry "AUS"]

1. e4 c5 2. Nf3 d6 3. d4 cxd4 4. Nxd4 Nf6 5. Nc3 a6 6. Be2 e5 7. Nb3 Be6 8. Be3 d5 9. exd5 Nxd5 10. Nxd5 Qxd5 11. 0-0 Qxd1 12. Rfxd1 Nc6 13. Nc5 Bxc5 14. Bxc5 Rc8 15. Rd4 Nxd4 16. Bxd4 exd4 0-1

[Event "P-5070"]
[Site "IECC email"]
[Date "2017.11.14"]
[Round "?"]
[White "Kinna, Michael"]
[Black "Vio, Mauro"]
[Result "1/2-1/2"]
[WhiteElo "1890"]
[BlackElo "1726"]
[PlyCount "61"]
[EventDate "2017.??.??"]
[EventType "tourn (corr)"]
[SourceTitle "Corr 2020"]
[Source "ChessBase"]
[SourceDate "2019.09.30"]
[SourceVersion "1"]
[SourceVersionDate "2019.09.30"]
[SourceQuality "1"]
[WhiteTeam "Australia"]
[BlackTeam "Italy"]
[WhiteTeamCountry "AUS"]
[BlackTeamCountry "ITA"]

1. d4 f5 2. g3 Nf6 3. Bg2 e6 4. Nf3 Be7 5. 0-0 0-0 6. c4 d5 7. b3 Nc6 8. Bb2 Ne4 9. Nbd2 Nxd2 10. Qxd2 dxc4 11. bxc4 Bf6 12. Rab1 Qd6 13. c5 Qd7 14. Rfd1 Rb8 15. Ne5 Nxe5 16. dxe5 Qxd2 17. Rxd2 Rd8 18. Rxd8+ Bxd8 19. f4 b6 20. c6 Ba6 21. Kf2 Be7 22. Rd1 Rd8 23. Rxd8+ Bxd8 24. e4 fxe4 25. Bxe4 Bb5 26. Kf3 g5 27. a3 gxf4 28. Kxf4 h6 29. h4 Be7 30. Kf3 Kg7 31. Bc1 1/2-1/2

[Event "IECC TH-M-3219"]
[Site "IECC email"]
[Date "2017.11.12"]
[Round "?"]
[White "Martins, Karin"]
[Black "Kinna, Michael"]
[Result "1-0"]
[WhiteElo "1948"]
[BlackElo "1882"]
[PlyCount "73"]
[EventDate "2017.??.??"]
[EventType "tourn (corr)"]
[SourceTitle "Corr 2020"]
[Source "ChessBase"]
[SourceDate "2019.09.30"]
[SourceVersion "1"]
[SourceVersionDate "2019.09.30"]
[SourceQuality "1"]
[WhiteTeam "Germany"]
[BlackTeam "Australia"]
[WhiteTeamCountry "GER"]
[BlackTeamCountry "AUS"]

1. f4 g6 2. d3 Bg7 3. Nf3 d5 4. e3 Nf6 5. d4 0-0 6. Be2 c5 7. c3 b6 8. 0-0 Qd6 9. Nbd2 Bg4 10. h3 Bf5 11. Ne5 Rd8 12. g4 Bd7 13. b3 a6 14. Bb2 Nc6 15. Rc1 b5 16. Ba3 b4 17. cxb4 cxd4 18. b5 Qxa3 19. bxc6 Bc8 20. exd4 Qxa2 21. c7 Re8 22. Qc2 Qa5 23. Qc3 Qb6 24. Qc5 Qb7 25. Kg2 e6 26. g5 Ne4 27. Nxe4 dxe4 28. Rc3 Bf8 29. Qc6 Qxc6 30. Rxc6 Bb7 31. Rb6 Ra7 32. Nc6 Bxc6 33. Rxc6 Rc8 34. Rfc1 Ba3 35. R1c2 a5 36. d5 exd5 37. Bg4 1-0

[Event "IECC CL4-2017.02 email"]
[Site "IECC email"]
[Date "2017.08.17"]
[Round "?"]
[White "Kinna, Michael"]
[Black "Balmelle, Jean Luc"]
[Result "1-0"]
[WhiteElo "1870"]
[BlackElo "1699"]
[PlyCount "111"]
[EventDate "2017.??.??"]
[EventType "tourn (corr)"]
[EventRounds "4"]
[SourceTitle "Corr 2020"]
[Source "ChessBase"]
[SourceDate "2019.09.30"]
[SourceVersion "1"]
[SourceVersionDate "2019.09.30"]
[SourceQuality "1"]
[WhiteTeam "Australia"]
[BlackTeam "France"]
[WhiteTeamCountry "AUS"]
[BlackTeamCountry "FRA"]

1. d4 Nf6 2. Bg5 e6 3. e4 c5 4. d5 d6 5. Nc3 a6 6. Nf3 Be7 7. Be2 0-0 8. 0-0 b5 9. dxe6 Bxe6 10. a4 b4 11. Nd5 Bxd5 12. exd5 Nbd7 13. a5 Re8 14. Re1 h6 15. Bf4 Nf8 16. h3 Ng6 17. Bh2 Bf8 18. Bc4 Qd7 19. Rxe8 Qxe8 20. Qd3 Qe4 21. Bxa6 Qxd3 22. Bxd3 Ra7 23. Bc4 Nd7 24. Nd2 Nb6 25. Bb3 Ne5 26. Ra2 Nc8 27. f4 Nd7 28. g4 g6 29. Kf2 Be7 30. Nc4 Bd8 31. f5 gxf5 32. Nxd6 Nxd6 33. Bxd6 fxg4 34. hxg4 Ra6 35. Bf4 Rxa5 36. Rxa5 Bxa5 37. d6 Kg7 38. Ba4 Nf6 39. Kf3 Nd5 40. Be5+ f6 41. Bg3 Bd8 42. Ke4 Nb6 43. Bb5 Kf7 44. Kf5 c4 45. Bf2 c3 46. bxc3 bxc3 47. Be3 Nc8 48. Bc4+ Kg7 49. Ke6 Nb6 50. Bb5 Kg6 51. Bd3+ Kg7 52. Bd4 Na4 53. Bb5 Nb6 54. Bxc3 Kg6 55. Ba5 Kg5 56. c4 1-0

[Event "IECC CL4-2017.02 email"]
[Site "IECC email"]
[Date "2017.08.17"]
[Round "?"]
[White "Kinna, Michael"]
[Black "Kohler, Hans Christian"]
[Result "1-0"]
[WhiteElo "1763"]
[BlackElo "1664"]
[PlyCount "67"]
[EventDate "2017.??.??"]
[EventType "tourn (corr)"]
[EventRounds "4"]
[SourceTitle "Corr 2020"]
[Source "ChessBase"]
[SourceDate "2019.09.30"]
[SourceVersion "1"]
[SourceVersionDate "2019.09.30"]
[SourceQuality "1"]
[WhiteTeam "Australia"]
[BlackTeam "Germany"]
[WhiteTeamCountry "AUS"]
[BlackTeamCountry "GER"]

1. d4 Nf6 2. Bg5 Ne4 3. Bf4 d5 4. e3 c5 5. Bd3 Qa5+ 6. Nd2 Nxd2 7. Qxd2 Qxd2+ 8. Kxd2 cxd4 9. exd4 Nc6 10. Nf3 g6 11. Rae1 Bg7 12. c3 0-0 13. Bb5 e6 14. Bxc6 bxc6 15. Ne5 Bxe5 16. Bxe5 Bd7 17. Re3 a5 18. h4 f6 19. Bd6 Rf7 20. h5 g5 21. Rhe1 e5 22. f3 exd4 23. cxd4 a4 24. h6 Rc8 25. Ra3 Ra8 26. b3 f5 27. Be7 g4 28. bxa4 Ra7 29. a5 Ra6 30. Rb3 Ra8 31. Bc5 Rf6 32. a6 Be6 33. a7 Rxh6 34. Rb8+ 1-0

[Event "IECC KO-5095"]
[Site "IECC email"]
[Date "2016.11.15"]
[Round "?"]
[White "Kinna, Michael"]
[Black "Martins, Karin"]
[Result "0-1"]
[WhiteElo "1742"]
[BlackElo "2044"]
[PlyCount "82"]
[EventDate "2016.??.??"]
[EventType "match (corr)"]
[EventRounds "2"]
[SourceTitle "Corr 2020"]
[Source "ChessBase"]
[SourceDate "2019.09.30"]
[SourceVersion "1"]
[SourceVersionDate "2019.09.30"]
[SourceQuality "1"]
[WhiteTeam "Australia"]
[BlackTeam "Germany"]
[WhiteTeamCountry "AUS"]
[BlackTeamCountry "GER"]

1. e4 e6 2. d4 d5 3. Nc3 Bb4 4. e5 c5 5. a3 Bxc3+ 6. bxc3 Ne7 7. Qg4 0-0 8. Bd3 f5 9. exf6 Rxf6 10. Bg5 Rf7 11. Qh4 g6 12. Bxe7 Qxe7 13. Qxe7 Rxe7 14. Nf3 Nc6 15. Bb5 e5 16. dxc5 Na5 17. 0-0-0 e4 18. Nd4 Rc7 19. Nb3 Nxb3+ 20. cxb3 Rxc5 21. Be2 Be6 22. Kb2 Rac8 23. Rc1 Kg7 24. Rhd1 Bf5 25. b4 R5c7 26. Rxd5 Rf8 27. Rd4 Bd7 28. Rf1 Rf4 29. c4 Rh4 30. h3 Rf4 31. f3 Bc6 32. g3 Rf6 33. fxe4 Re7 34. Rxf6 Kxf6 35. Bf3 Ke5 36. Kc3 Rf7 37. Rd3 Re7 38. b5 Be8 39. Rd5+ Ke6 40. Kd4 Rf7 41. Bg4+ Ke7 0-1

[Event "IECC CL4-2015.04 email"]
[Site "IECC email"]
[Date "2015.09.24"]
[Round "?"]
[White "Cuaycong, Virgilio"]
[Black "Kinna, Michael"]
[Result "0-1"]
[WhiteElo "1729"]
[BlackElo "1721"]
[PlyCount "66"]
[EventDate "2015.??.??"]
[EventType "tourn (corr)"]
[EventRounds "4"]
[SourceTitle "Corr 2020"]
[Source "ChessBase"]
[SourceDate "2019.09.30"]
[SourceVersion "1"]
[SourceVersionDate "2019.09.30"]
[SourceQuality "1"]
[WhiteTeam "Philippines"]
[BlackTeam "Australia"]
[WhiteTeamCountry "PHI"]
[BlackTeamCountry "AUS"]

1. e4 d5 2. exd5 Nf6 3. d4 Nxd5 4. c4 Nb6 5. Nf3 g6 6. Nc3 Bg7 7. c5 Nd5 8. Bc4 c6 9. Qb3 0-0 10. 0-0 Nxc3 11. bxc3 b5 12. cxb6 axb6 13. Re1 e6 14. Bf4 Nd7 15. h3 b5 16. Be2 Nb6 17. Ne5 Bb7 18. Bf3 Bxe5 19. Rxe5 Nc4 20. Rc5 Ra3 21. Qb4 Ra4 22. Qb1 Qd7 23. Bd1 Ra3 24. Bb3 Na5 25. Qb2 Nxb3 26. axb3 Rxa1+ 27. Qxa1 Ra8 28. Qe1 f6 29. g4 Kf7 30. b4 g5 31. Bg3 h6 32. Kh2 Kg7 33. h4 Ra2 0-1

[Event "P-4889"]
[Site "IECC email"]
[Date "2014.03.03"]
[Round "?"]
[White "Kinna, Michael"]
[Black "Boys, Ken"]
[Result "1/2-1/2"]
[WhiteElo "1642"]
[BlackElo "2131"]
[PlyCount "72"]
[EventDate "2014.??.??"]
[EventType "tourn (corr)"]
[SourceTitle "Corr 2020"]
[Source "ChessBase"]
[SourceDate "2019.09.30"]
[SourceVersion "1"]
[SourceVersionDate "2019.09.30"]
[SourceQuality "1"]
[WhiteTeam "Australia"]
[BlackTeam "United States"]
[WhiteTeamCountry "AUS"]
[BlackTeamCountry "USA"]

1. c4 Nf6 2. Nc3 e6 3. e4 c5 4. Nf3 Nc6 5. Be2 e5 6. d3 d6 7. a3 Be7 8. Rb1 a5 9. 0-0 Nd4 10. Nxd4 cxd4 11. Nd5 0-0 12. Nxf6+ Bxf6 13. Bg4 Bxg4 14. Qxg4 Qe8 15. f4 b5 16. fxe5 Bxe5 17. b3 a4 18. Qd1 axb3 19. cxb5 Qxb5 20. Qxb3 Qxb3 21. Rxb3 Rfb8 22. Rxb8+ Rxb8 23. Kf2 f6 24. h3 Kf7 25. Ke2 Rb3 26. a4 Rb4 27. a5 Ra4 28. Bd2 Ra2 29. Rf2 g5 30. Kf3 Ra4 31. Rf1 Ra3 32. Ke2 Ra2 33. Kd1 h5 34. Bxg5 Rxa5 35. Bd2 Ra1+ 36. Ke2 Ra2 1/2-1/2

[Event "IECC KO-3088"]
[Site "IECC email"]
[Date "2014.01.11"]
[Round "?"]
[White "Lixa, Alberto"]
[Black "Kinna, Michael"]
[Result "1/2-1/2"]
[WhiteElo "1729"]
[BlackElo "1657"]
[PlyCount "66"]
[EventDate "2014.??.??"]
[EventType "match (corr)"]
[EventRounds "2"]
[SourceTitle "Corr 2020"]
[Source "ChessBase"]
[SourceDate "2019.09.30"]
[SourceVersion "1"]
[SourceVersionDate "2019.09.30"]
[SourceQuality "1"]
[WhiteTeam "Portugal"]
[BlackTeam "Australia"]
[WhiteTeamCountry "POR"]
[BlackTeamCountry "AUS"]

1. c4 e5 2. Nc3 Bb4 3. Nd5 Bc5 4. e3 Ne7 5. b4 Nxd5 6. bxc5 Nf6 7. e4 Qe7 8. Nf3 Nxe4 9. Qe2 Nxc5 10. Qxe5 Qxe5+ 11. Nxe5 d6 12. Nd3 Nxd3+ 13. Bxd3 0-0 14. 0-0 Re8 15. Bb2 Nc6 16. Rac1 Be6 17. f4 Nb4 18. Bb1 a6 19. Rf3 Nc6 20. Rg3 g6 21. Be4 f5 22. Bb1 Bxc4 23. Bxf5 Bxa2 24. Bd7 Re2 25. f5 Rxd2 26. Bc3 Re2 27. fxg6 h5 28. Bxc6 bxc6 29. Rg5 Bd5 30. Kf1 Ra2 31. Rxh5 Rf8+ 32. Ke1 Re8+ 33. Kf1 Rf8+ 1/2-1/2

[Event "IECC CL5-2013.08 email"]
[Site "IECC email"]
[Date "2013.10.10"]
[Round "?"]
[White "Balmelle, Jean Luc"]
[Black "Kinna, Michael"]
[Result "1-0"]
[WhiteElo "1610"]
[BlackElo "1653"]
[PlyCount "103"]
[EventDate "2013.??.??"]
[EventType "tourn (corr)"]
[EventRounds "4"]
[SourceTitle "Corr 2020"]
[Source "ChessBase"]
[SourceDate "2019.09.30"]
[SourceVersion "1"]
[SourceVersionDate "2019.09.30"]
[SourceQuality "1"]
[WhiteTeam "France"]
[BlackTeam "Australia"]
[WhiteTeamCountry "FRA"]
[BlackTeamCountry "AUS"]

1. e4 e5 2. Nf3 Nc6 3. c3 d5 4. Qa4 Bd7 5. exd5 Nd4 6. Qd1 Nxf3+ 7. Qxf3 Nf6 8. Bc4 e4 9. Qe2 Bd6 10. d4 0-0 11. Bg5 Re8 12. 0-0 Bg4 13. Qxg4 Nxg4 14. Bxd8 Raxd8 15. h3 Nf6 16. Bb5 Re7 17. c4 a6 18. Ba4 Bf4 19. g3 Bh6 20. Nc3 Bd2 21. Ne2 e3 22. f3 h5 23. Bc2 g6 24. Bd3 Kg7 25. Kg2 Ne8 26. g4 h4 27. f4 f6 28. Kf3 Nd6 29. Rab1 a5 30. b3 Red7 31. Ng1 c6 32. c5 Nb5 33. Bxb5 cxb5 34. d6 b6 35. Ke4 Bb4 36. Rbc1 bxc5 37. dxc5 Rc8 38. Kd5 Rcd8 39. Kc6 Bd2 40. Rc2 b4 41. Ne2 Kf7 42. Rxd2 exd2 43. Rd1 Ke8 44. Rxd2 Re7 45. Nd4 Re3 46. Kd5 Ra8 47. c6 a4 48. bxa4 Rxa4 49. Nb5 Kd8 50. Kc5 Re1 51. d7 Rc1+ 52. Kd6 1-0